Perspectivas del mercado de valores como instrumento para financiar el desarrollo de El Salvador /
Analiza el mercado de valores y su posibilidad de desarrollo en El Salvador. Describe la evolución de las fuentes de financiamiento del país en los ultimos 5 años. Estudia los instrumentos que movilizan los fondos monetarios de los mercados monetario y de capitales, y la legislación respectiva. Dete...
Збережено в:
| Автор: | |
|---|---|
| Формат: | Дисертація |
| Опубліковано: |
San Salvador:
Universidad Centroamericana José Simeón Cañas
|
| Предмети: | |
| Теги: |
Додати тег
Немає тегів, Будьте першим, хто поставить тег для цього запису!
|
MARC
| LEADER | 00000 a a2200000 04500 | ||
|---|---|---|---|
| 001 | 20103 | ||
| 003 | |||
| 040 | |a CRAI/IIS |c CRAI/IIS | ||
| 090 | |a 08269.00 | ||
| 100 | |a Bonilla, Ana Margarita | ||
| 245 | |a Perspectivas del mercado de valores como instrumento para financiar el desarrollo de El Salvador / |c Ana Margarita Bonilla | ||
| 260 | |a San Salvador: |b Universidad Centroamericana José Simeón Cañas | ||
| 300 | |a 109 páginas | ||
| 502 | |a Tesis (Licenciada en Economía) -- Universidad Centroamericana José Simeón Cañas. Facultad de Ciencias Económicas. Escuela de Economía, 1976 | ||
| 520 | |a Analiza el mercado de valores y su posibilidad de desarrollo en El Salvador. Describe la evolución de las fuentes de financiamiento del país en los ultimos 5 años. Estudia los instrumentos que movilizan los fondos monetarios de los mercados monetario y de capitales, y la legislación respectiva. Determina la capacidad legal que tienen las instituciones de ambos mercados para realizar operaciones pasivas de crédito y captar así los ahorros necesarios destinados a la inversión productiva de largo plazo. Expone cuales han sido las fuentes de inversión privada y publica y sus implicaciones en la ofertra y demanda de capitales. Hace recomendaciones para el mejoramiento de las cláusulas de los títulos valores que pueden invertirse en el país./ACM | ||
| 650 | |a EL SALVADOR | ||
| 650 | |a MERCADO FINANCIERO | ||
| 650 | |a MERCADOMONETARIO | ||
| 650 | |a MERCADO DE CAPITALES | ||
| 650 | |a FINANCIAMIENTO | ||
| 650 | |a INVERSIONES PRIVADAS | ||
| 650 | |a INVERSIONES PUBLICAS | ||
| 999 | |c 17973 |d 17973 | ||
